1007 1425 1510 1289 1510 1911 1224 1364 1060 1007 1934 1918 1934 1291 1867 1458 1380 1483 1150 1655 1558 1426 1401 1599 1752 1478 1601 1840 1547 1351 1468 1287 1693 1739 1543 1503 1960 1884 1718 1822 1089 1154 1695 1225 1126 1656 1385 1442 1714 1921 1574 1358 1352 1893 1724 1540 1013 1503 1689 1952 1304 1409 1551 1769 1032 1521 1112 1139 1120 1535 1747 1657 1769 1469 1889 1273 1027 1884 1535 1843 1341 1173 1242 1919 1345 1206 1527 1853 1024 1755 1742 1106 1711 1348 1641 1812 1554 1435 1298 BCNSPRNW ULIB Ver.6.0+V

เปลี่ยนเป็นภาษาไทย

Change to English
 แสดงรายละเอียดบรรณานุกรม
  กลับหน้าหลัก

Brief Record : Get Marc (ISO 2709) : E-mail record : QR code < ปิดหน้าต่าง
LEADER : 00000nam 2200000uu 4500
001    13399112563
003     ULIB
008    110825s2547||||th 000 0 tha d
020    9749222644
050 00 HQ769^bอ846บ 2547
100 0  อุมาพร ตรังคสมบัติ
245 10 บ้านแตก แต่หัวใจไม่สลาย =^bBroken home, but not broken heart /^cอุมาพร ตรังคสมบัติ
246 31 Broken home, but not broken heart
260    กรุงเทพฯ :^bซันต้าการพิมพ์,^c2547
300    304 หน้า :^bภาพประกอบ
504    บรรณานุกรม: หน้า 302-303
650  7 การหย่า
650  7 เด็กที่เป็นปัญหา
650  7 การสมรส
945    ^p300^l0^i018707
945    ^p300^l0^i018708
995    ทศพร
999 ^a ใช้งานได้ทุกระบบ
รายการนี้ยังไม่มีแท็ก
คุณยังไม่ได้ล็อกอิน คุณสามารถมีกิจกรรมร่วมกับเว็บไซต์ได้ แต่ต้องล็อกอินก่อน ::
  ล็อกอิน

รายการสื่อสารสนเทศ

ลำดับที่ ประเภท เลขเรียก/บาร์โค้ด สถานที่ สถานะ
- ไม่พบข้อมูล -

รายการใกล้เคียง
    ผู้แต่ง [อุมาพร ตรังคสมบัติ]

    หัวเรื่อง [เด็กที่เป็นปัญหา]
    หัวเรื่อง [การสมรส]

BibComment


ยังไม่เคยถูกคอมเมนท์

คอมเมนท์ทรัพยากรรายการนี้
  คอมเมนท์: บ้านแตก แต่หัวใจไ..


 Copyright 2026. Bcnsprnw @Library